Statistics for All Cities in New York

Click here to take the quiz!

General Stats

  • This quiz has been taken 44 times
  • The average score is 15 of 62

Answer Stats

City Name% Correct
New York
95%
Buffalo
87%
Albany
72%
Rochester
64%
Syracuse
56%
Yonkers
49%
Binghamton
46%
Ithaca
46%
Utica
46%
Niagara Falls
41%
Poughkeepsie
41%
Schenectady
41%
White Plains
33%
Cortland
31%
Elmira
31%
Jamestown
31%
New Rochelle
31%
Rome
31%
Troy
31%
Newburgh
28%
Oswego
28%
Plattsburgh
28%
Saratoga Springs
28%
Watertown
28%
Batavia
26%
Oneonta
26%
Mount Vernon
23%
Rye
23%
Kingston
21%
Amsterdam
18%
Auburn
18%
Geneva
18%
Glens Falls
18%
Hudson
18%
Lockport
18%
Peekskill
18%
Corning
15%
Lackawanna
15%
Middletown
15%
North Tonawanda
15%
Olean
15%
Oneida
15%
Ogdensburg
13%
Beacon
10%
Canandaigua
10%
Dunkirk
10%
Fulton
10%
Hornell
10%
Rensselaer
10%
Salamanca
10%
Tonawanda
10%
Johnstown
8%
Little Falls
8%
Port Jervis
8%
Cohoes
5%
Glen Cove
5%
Gloversville
5%
Long Beach
5%
Mechanicville
5%
Norwich
5%
Sherrill
5%
Waterlivet
3%

Score Distribution

Percentile by Number Answered

Percent of People with Each Score

Your Score History

You have not taken this quiz